00368pab a2200145 454500008004000000100001600040245007500056260000900131300001100140362001100151650000900162650001000171700002100181773002000202180718b2005 xxu||||| |||| 00| 0 eng d aBhatt, S.D. aBecoming a responsible youth: school-based HIV prevention intervention c2005 ap.1-4. a19 Dec aAIDS aYouth aDhoundiyal, N.C. aUniversity News